Angličtina pro posluchače VŠZ Učební texty vysokých škol

Bibliographic Details
Main Author: Polák, Karel (autor učebníc angličtiny) (Author)
Format: Book
Language:English
PhysicalDescription:147 s.
Published: Praha Státní pedagogické nakladatelství 1969

MARC

LEADER 00000nam a2200000 a 4500
001 vtls008945516
003 SK-MaSNL
005 20260302042646.0
008 240313 000 0 eng
040 |a SNK  |b slo  |c SNK  |e AACR2 
100 1 |a Polák, Karel  |c (autor učebníc angličtiny)  |4 aut  |9 6194 
245 1 |a Angličtina pro posluchače VŠZ  |b Učební texty vysokých škol  |c Karel Polák 
260 |a Praha  |b Státní pedagogické nakladatelství  |c 1969 
300 |a 147 s. 
999 |c 1083643  |d 1085573 
952 |a SNK  |b SNK  |y VYP  |7 0  |p 17A0540091  |o snkIB 22393  |i snkKIP 6409/69  |3 rekatalogizácia  |0 0  |1 0  |4 0  |d 2007-02-13  |l 0  |r 2026-02-24 16:32:34  |w 2026-02-24